عرض عادي عرض مارك
  • Manipulation, Orthopedic

مدخل مصطلح موضوعي

عدد التسجيلات المستخدمة في: 3

001 - رقم الضبط

  • حقل الضبط: 14331

003 - معرف رقم الضبط

  • حقل الضبط: OSt

005 - تاريخ ووقت أخر عملية

  • حقل الضبط: 20120519233935.0

008 - عناصر بيانات ثابتة الطول

  • حقل تحكم ثابت الطول: 120519|||a|||||| | ||| d

040 ## - مصدر الفهرسة

  • هيئة الفهرسة الأصلية: OSt
  • وكالة الكتابة: OSt

150 ## - مدخل-- مصطلح تاريخي

  • عنصر مدخل المصطلح الموضوعي او الاسم الجغرافي: Manipulation, Orthopedic
  • تفريع عام: methods.

670 ## - بيانات المصدر موجوده

  • الاستشهاد بالمصدر: Work cat.: (OSt)0: Cook, Chad. 10214, Orthopedic manual therapy :, c2012.